Herby powiatów w województwie świętokrzyskim - Statystyki

Ogólne statystyki
  • Ten quiz został rozwiązany 56 razy
  • Średni wynik to 11 z 14
Statystyki odpowiedzi
Obrazkowy Odpowiedź % Poprawnych
Kielce
98%
buski
86%
kielecki
86%
sandomierski
81%
skarżyski
81%
konecki
77%
opatowski
77%
starachowicki
77%
jędrzejowski
74%
kazimierski
74%
pińczowski
74%
włoszczowski
74%
ostrowiecki
72%
staszowski
70%
Nie znaleziono quizów pasujących do podanych kryteriów
Rozkład punktacji
Procent ludzi z każdym wynikiem
Percentyl według liczby udzielonych odpowiedzi
Twoja historia wyników
Nie rozwiązałeś tego quizu